| 000 | 01399cam a2200313 a 4500 | ||
|---|---|---|---|
| 999 |
_c26519 _d26519 |
||
| 001 | 16214078 | ||
| 005 | 20170204145205.0 | ||
| 008 | 100503s2010 maua 000 0 eng | ||
| 010 | _a 2010018782 | ||
| 020 | _a9781584659068 (cloth : alk. paper) | ||
| 020 | _a1584659068 (cloth : alk. paper) | ||
| 035 | _a(OCoLC)ocn607986492 | ||
| 040 |
_aDLC _cDLC _dYDX _dBTCTA _dYDXCP _dBWX _dCDX _dVP@ _dDLC |
||
| 043 | _an-us--- | ||
| 050 | 0 | 0 |
_aNX765 _b.K35 2010 |
| 100 | 1 |
_aKaiser, Michael M., _d1953- |
|
| 245 | 1 | 0 |
_aLeading roles : _b50 questions every arts board should ask / _cMichael M. Kaiser. |
| 246 | 3 | 0 | _a50 questions every arts board should ask |
| 246 | 3 | _aFifty questions every arts board should ask | |
| 250 | _a1st ed. | ||
| 260 |
_aWaltham, Mass. : _bBrandeis University Press ; _aHanover [N.H.] : _bPublished by University Press of New England, _cc2010. |
||
| 300 |
_axviii, 130 p. : _bill. ; _c24 cm. |
||
| 650 | 0 |
_aArts boards _zUnited States. |
|
| 650 | 0 |
_aArts _zUnited States _xManagement. |
|
| 942 |
_2lcc _cBOOKS _hNX765 .K35 2010 |
||